[Event "24. Acropolis 2009"]
[Site "Chalkida GRE"]
[Date "2009.08.14"]
[Round "5.30"]
[White "Kaforos, Dimitrios Alkis"]
[Black "Kotrotsos, Vasilios"]
[Result "1/2-1/2"]
[WhiteElo "2203"]
[BlackElo "2359"]
[PlyCount "36"]
[EventDate "2009.08.10"]
[EventType "swiss"]
[EventRounds "9"]
[EventCountry "GRE"]
[Source "lmi"]
[SourceDate "2009.08.10"]

1. e4 c5 2. Nf3 d6 3. c3 Nf6 4. h3 g6 5. Bd3 Bg7 6. O-O O-O 7. Bc2 e5 8. d4
exd4 9. cxd4 Nc6 10. d5 Nb4 11. Nc3 Nxc2 12. Qxc2 Re8 13. Bf4 b5 14. Nxb5 Nxe4
15. Rfe1 Ba6 16. a4 f5 17. Nd2 Bxb5 18. Nxe4 fxe4 1/2-1/2

[Event "24. Acropolis 2009"]
[Site "Chalkida GRE"]
[Date "2009.08.14"]
[Round "5.31"]
[White "Melia, Salome"]
[Black "Galopoulos, Nikolaos"]
[Result "1-0"]
[WhiteElo "2441"]
[BlackElo "2255"]
[PlyCount "109"]
[EventDate "2009.08.10"]
[EventType "swiss"]
[EventRounds "9"]
[EventCountry "GRE"]
[Source "lmi"]
[SourceDate "2009.08.10"]

1. e4 c5 2. Nf3 d6 3. d4 Nf6 4. Nc3 cxd4 5. Nxd4 a6 6. Bg5 e6 7. f4 Qc7 8. Bxf6
gxf6 9. Qd2 Nc6 10. O-O-O Bd7 11. Be2 h5 12. Rhf1 O-O-O 13. Kb1 Be7 14. Rf3
Rdg8 15. Nxc6 Bxc6 16. Nd5 Qd8 17. Rc3 Kd7 18. Nxe7 Kxe7 19. Bf3 Qc7 20. Rd3
Rd8 21. e5 d5 22. Qb4+ Kd7 23. exf6 Rh6 24. Qd4 Kc8 25. Rc3 Rg8 26. Re1 Qd8 27.
g3 h4 28. g4 Qxf6 29. Re5 Qd8 30. Be2 Qd6 31. g5 Rhh8 32. Qa7 Kd7 33. Qb6 h3
34. a3 f6 35. gxf6 Rg2 36. Bf1 d4 37. Rd3 Bd5 38. Qxd4 Rxh2 39. c4 Rh1 40. Rd1
Rxf1 41. Rxf1 Bg2 42. Qxd6+ Kxd6 43. Rd1+ Kc7 44. Rxe6 h2 45. f7 Rf8 46. Rh6
Rxf7 47. Rxh2 Be4+ 48. Kc1 Rxf4 49. Rd4 Rf1+ 50. Kd2 Rb1 51. Kc3 Rc1+ 52. Kb4
Bc6 53. a4 Ra1 54. b3 Kb6 55. Rh5 1-0

[Event "24. Acropolis 2009"]
[Site "Chalkida GRE"]
[Date "2009.08.14"]
[Round "5.32"]
[White "Foisor, Cristina Adela B"]
[Black "Makropoulou, Marina"]
[Result "1/2-1/2"]
[WhiteElo "2424"]
[BlackElo "2245"]
[PlyCount "23"]
[EventDate "2009.08.10"]
[EventType "swiss"]
[EventRounds "9"]
[EventCountry "GRE"]
[Source "lmi"]
[SourceDate "2009.08.10"]

1. c4 c5 2. g3 g6 3. Bg2 Bg7 4. Nc3 Nc6 5. e3 d6 6. Nge2 e6 7. O-O Nge7 8. d4
O-O 9. b3 b6 10. Bb2 Bb7 11. Qd2 Rb8 12. Rad1 1/2-1/2

[Event "24. Acropolis 2009"]
[Site "Chalkida GRE"]
[Date "2009.08.14"]
[Round "5.33"]
[White "Okara, Andrey"]
[Black "Filippas, Sebastian"]
[Result "0-1"]
[WhiteElo "2380"]
[BlackElo "2224"]
[PlyCount "110"]
[EventDate "2009.08.10"]
[EventType "swiss"]
[EventRounds "9"]
[EventCountry "GRE"]
[Source "lmi"]
[SourceDate "2009.08.10"]

1. e4 c5 2. Nf3 d6 3. d4 cxd4 4. Nxd4 Nf6 5. Nc3 g6 6. Be2 Bg7 7. O-O Nc6 8.
Nb3 O-O 9. Re1 Be6 10. Bf1 d5 11. Nc5 d4 12. Nxe6 fxe6 13. Na4 Qa5 14. c3 Rad8
15. Qb3 Kh8 16. Qb5 Qc7 17. h3 Nd7 18. Nc5 Nxc5 19. Qxc5 Rxf2 20. Kxf2 Rf8+ 21.
Ke2 Qg3 22. Bd2 Rf2+ 23. Kd1 Rxd2+ 24. Kxd2 Qf2+ 25. Re2 dxc3+ 26. Qxc3 Bxc3+
27. bxc3 Qb6 28. Kc2 Qc5 29. Rd2 b5 30. Rc1 b4 31. Kb1 bxc3 32. Rdc2 Qb6+ 33.
Ka1 Nb4 34. Rxc3 Qf2 35. Bc4 Nc6 36. Bxe6 Nd4 37. Bd5 Ne2 38. Rc8+ Kg7 39. R1c7
Kh6 40. Kb2 Qd4+ 41. Ka3 Qd3+ 42. Kb4 Qb1+ 43. Ka4 Nf4 44. Bc4 Qxe4 45. Kb5
Nxg2 46. Rxa7 Ne3 47. Rac7 Nf5 48. a4 Nd6+ 49. Kb6 Qd4+ 50. Ka5 Nxc8 51. Rxc8
Qa7+ 52. Ba6 e5 53. Rc6 e4 54. Re6 e3 55. Kb4 Kg5 0-1

[Event "24. Acropolis 2009"]
[Site "Chalkida GRE"]
[Date "2009.08.14"]
[Round "5.34"]
[White "Ikonomopoulou, Maria"]
[Black "Pavlidis, Anastasios"]
[Result "1/2-1/2"]
[WhiteElo "2052"]
[BlackElo "2348"]
[PlyCount "104"]
[EventDate "2009.08.10"]
[EventType "swiss"]
[EventRounds "9"]
[EventCountry "GRE"]
[Source "lmi"]
[SourceDate "2009.08.10"]

1. e4 e5 2. Nf3 Nc6 3. Nc3 Nf6 4. Bb5 d6 5. d4 exd4 6. Qxd4 Bd7 7. Bxc6 Bxc6 8.
Bg5 Be7 9. O-O-O O-O 10. Rhe1 h6 11. Bh4 Re8 12. e5 dxe5 13. Qc4 Nd7 14. Nxe5
Bg5+ 15. f4 Qf6 16. Bxg5 Nxe5 17. Rxe5 hxg5 18. Rxg5 Rad8 19. Nd5 Bxd5 20.
Rgxd5 Rxd5 21. Rxd5 Re1+ 22. Kd2 Re8 23. Kc1 Qh4 24. b3 Re1+ 25. Kb2 Qe7 26.
Qd4 Re4 27. Re5 Rxd4 28. Rxe7 Rxf4 29. Rxc7 Rf2 30. Rxb7 Rxg2 31. Rxa7 f5 32.
Rd7 f4 33. a4 f3 34. Rd1 Rxh2 35. Rf1 f2 36. a5 g5 37. a6 Rh6 38. a7 Ra6 39.
Rxf2 Rxa7 40. Rg2 Rg7 41. c4 Kf7 42. b4 g4 43. b5 Ke6 44. Kc3 g3 45. Kb4 Rg4
46. b6 Kd6 47. Kb5 Rg5+ 48. Ka6 Kc6 49. b7 Rg8 50. Ka7 Rg7 51. Ka8 Rxb7 52.
Rxg3 Rb4 1/2-1/2

[Event "24. Acropolis 2009"]
[Site "Chalkida GRE"]
[Date "2009.08.14"]
[Round "5.35"]
[White "Klinova, Masha"]
[Black "Nikolaidis, Konstantinos"]
[Result "1-0"]
[WhiteElo "2312"]
[BlackElo "2270"]
[PlyCount "63"]
[EventDate "2009.08.10"]
[EventType "swiss"]
[EventRounds "9"]
[EventCountry "GRE"]
[Source "lmi"]
[SourceDate "2009.08.10"]

1. e4 c6 2. d4 d5 3. e5 c5 4. dxc5 e6 5. Nf3 Bxc5 6. Bd3 Nc6 7. O-O Nge7 8. c3
Ng6 9. Qe2 O-O 10. b4 Bb6 11. b5 Nb8 12. c4 dxc4 13. Bxc4 Nd7 14. Bb2 Nc5 15.
g3 Bd7 16. Nbd2 Rc8 17. a4 Qc7 18. h4 Ne7 19. Rfc1 Ba5 20. Ne4 Nxe4 21. Qxe4
Qb8 22. Ba3 Rfe8 23. Bd3 g6 24. Qf4 Bd8 25. Bd6 Bc7 26. Rxc7 Rxc7 27. Qh6 Nc8
28. Ng5 Nxd6 29. Qxh7+ Kf8 30. Qh8+ Ke7 31. Qf6+ Kf8 32. exd6 1-0

[Event "24. Acropolis 2009"]
[Site "Chalkida GRE"]
[Date "2009.08.14"]
[Round "5.36"]
[White "Galopoulos, Panagiotis"]
[Black "Aggelis, Nikolaos"]
[Result "1-0"]
[WhiteElo "2161"]
[BlackElo "2296"]
[PlyCount "87"]
[EventDate "2009.08.10"]
[EventType "swiss"]
[EventRounds "9"]
[EventCountry "GRE"]
[Source "lmi"]
[SourceDate "2009.08.10"]

1. e4 e5 2. Nf3 Nc6 3. Bb5 a6 4. Ba4 Nf6 5. O-O Be7 6. Re1 b5 7. Bb3 O-O 8. a4
b4 9. d4 d6 10. dxe5 Nxe5 11. Nxe5 dxe5 12. Qxd8 Rxd8 13. Nd2 Bc5 14. Nc4 Nxe4
15. Be3 Be6 16. Nxe5 Bxb3 17. cxb3 f6 18. Rac1 fxe5 19. Bxc5 Nxc5 20. Rxc5 Rd2
21. Rxc7 Rxb2 22. h3 Rf8 23. f3 Re8 24. Re3 h5 25. f4 h4 26. Rxe5 Rd8 27. Kh2
Rd4 28. Re8+ Kh7 29. Ree7 Rxf4 30. Rxg7+ Kh8 31. Rh7+ Kg8 32. Rcg7+ Kf8 33. Ra7
Kg8 34. Rhg7+ Kh8 35. Rgb7 Kg8 36. Ra8+ Rf8 37. Rxf8+ Kxf8 38. Rxb4 Kg7 39.
Rg4+ Kf7 40. b4 a5 41. bxa5 Rb8 42. Rxh4 Ra8 43. Rh5 Kg6 44. Rb5 1-0

[Event "24. Acropolis 2009"]
[Site "Chalkida GRE"]
[Date "2009.08.14"]
[Round "5.37"]
[White "Fakhiridou, Ekaterini"]
[Black "Malikentzos, Sotirios"]
[Result "1/2-1/2"]
[WhiteElo "2277"]
[BlackElo "2148"]
[PlyCount "62"]
[EventDate "2009.08.10"]
[EventType "swiss"]
[EventRounds "9"]
[EventCountry "GRE"]
[Source "lmi"]
[SourceDate "2009.08.10"]

1. e4 c6 2. d4 d5 3. Nc3 dxe4 4. Nxe4 Bf5 5. Ng3 Bg6 6. N1e2 Nd7 7. h4 h6 8.
Nf4 Bh7 9. Bd3 Bxd3 10. Qxd3 Qc7 11. Bd2 Ngf6 12. O-O-O e6 13. Nfh5 O-O-O 14.
Qf3 Qd6 15. Kb1 Qd5 16. Qe2 Nxh5 17. Nxh5 Nf6 18. Nxf6 gxf6 19. f3 h5 20. Ka1
Bh6 21. Bxh6 Rxh6 22. c4 Qa5 23. d5 exd5 24. cxd5 Rxd5 25. Rxd5 Qxd5 26. Rd1
Qe6 27. Qf2 b6 28. Re1 Qd7 29. Qe2 Rh8 30. a3 Rd8 31. Qe4 f5 1/2-1/2

[Event "24. Acropolis 2009"]
[Site "Chalkida GRE"]
[Date "2009.08.14"]
[Round "5.39"]
[White "Rigopoulos-Tsigkos, Alexandros"]
[Black "Stiri, Alexandra"]
[Result "0-1"]
[WhiteElo "2017"]
[BlackElo "2163"]
[PlyCount "104"]
[EventDate "2009.08.10"]
[EventType "swiss"]
[EventRounds "9"]
[EventCountry "GRE"]
[Source "lmi"]
[SourceDate "2009.08.10"]

1. e4 c5 2. c3 d5 3. exd5 Qxd5 4. d4 Nf6 5. Nf3 Bg4 6. Be2 e6 7. O-O Nc6 8. h3
Bh5 9. Be3 cxd4 10. cxd4 Be7 11. Nc3 Qd6 12. Rc1 O-O 13. Qb3 Qb4 14. Qxb4 Nxb4
15. g4 Bg6 16. Ne5 Nfd5 17. Nxg6 hxg6 18. Nxd5 Nxd5 19. Bf3 Bd6 20. Rc4 Rad8
21. Rfc1 b5 22. R4c2 Nb4 23. Re2 Rc8 24. b3 Rxc1+ 25. Bxc1 Nd3 26. Rc2 Ne1 27.
Rc3 Bb4 28. Re3 Rc8 29. Rxe1 Bxe1 30. Be3 Rc2 31. a4 bxa4 32. bxa4 Bd2 33. d5
Bxe3 34. fxe3 Rc4 35. d6 Kf8 36. a5 Ra4 37. h4 Rxa5 38. Kf2 Ra6 39. h5 g5 40.
e4 Rxd6 41. Ke3 e5 42. Ke2 a5 43. Ke3 a4 44. Ke2 a3 45. Ke3 a2 46. Kf2 a1=Q 47.
Ke3 Qc3+ 48. Kf2 Rd2+ 49. Kg3 Rd3 50. Kg2 Rxf3 51. Kh2 Rf2+ 52. Kg1 Qe1# 0-1

[Event "24. Acropolis 2009"]
[Site "Chalkida GRE"]
[Date "2009.08.14"]
[Round "5.41"]
[White "Vragoteris, Antonios"]
[Black "Foisor, Mihaela Veronica"]
[Result "1-0"]
[WhiteElo "2266"]
[BlackElo "2123"]
[PlyCount "81"]
[EventDate "2009.08.10"]
[EventType "swiss"]
[EventRounds "9"]
[EventCountry "GRE"]
[Source "lmi"]
[SourceDate "2009.08.10"]

1. d4 d5 2. c4 dxc4 3. Nf3 Nf6 4. e3 e6 5. Bxc4 c5 6. O-O a6 7. Bd3 b5 8. e4
Bb7 9. Re1 Nbd7 10. d5 e5 11. b3 Bd6 12. a4 b4 13. Nbd2 a5 14. Nc4 Qc7 15. Bg5
Ba6 16. Ne3 O-O 17. Bxa6 Rxa6 18. Nd2 Ne8 19. Nf5 f6 20. Be3 Rf7 21. Rc1 Bf8
22. Qe2 Ra8 23. f4 g6 24. fxe5 fxe5 25. Nh6+ Bxh6 26. Bxh6 Nd6 27. Nf3 Qb6 28.
Kh1 Re7 29. Ng5 Nf7 30. Nxf7 Rxf7 31. Qc4 Qd6 32. Rf1 Nf6 33. h3 Rc8 34. g4
Rcc7 35. Qb5 Qd8 36. Qb6 Rcd7 37. Qxc5 Nxg4 38. Rxf7 Rxf7 39. Qc8 Rf1+ 40. Kg2
Rf2+ 41. Kg3 1-0

[Event "24. Acropolis 2009"]
[Site "Chalkida GRE"]
[Date "2009.08.14"]
[Round "5.42"]
[White "Vospernik, Andrej"]
[Black "Simeonidis, Ioannis"]
[Result "0-1"]
[WhiteElo "2170"]
[BlackElo "2266"]
[PlyCount "128"]
[EventDate "2009.08.10"]
[EventType "swiss"]
[EventRounds "9"]
[EventCountry "GRE"]
[Source "lmi"]
[SourceDate "2009.08.10"]

1. e4 e5 2. d4 exd4 3. c3 Qe7 4. Qe2 Nc6 5. Nf3 d3 6. Qxd3 Nf6 7. Bg5 Qxe4+ 8.
Kd1 Be7 9. Nbd2 Qxd3 10. Bxd3 d6 11. Re1 Kf8 12. h3 h6 13. Bh4 Bd7 14. Kc2 Re8
15. Nc4 Nh5 16. Bg3 Nxg3 17. fxg3 g6 18. Ne3 Kg7 19. Nd5 Bd8 20. Rf1 Ne5 21.
Nxe5 Rxe5 22. Nf4 Rhe8 23. Rf2 Re1 24. Rxe1 Rxe1 25. g4 c6 26. Kd2 Re7 27. Bc4
Bb6 28. Rf3 Bc7 29. Bb3 a6 30. Rf2 Bc8 31. Rf3 b5 32. a4 Bd8 33. Rf2 Rb7 34.
axb5 axb5 35. Kc2 Re7 36. Kd2 Bb6 37. Rf3 Bd7 38. Ba2 d5 39. Ne2 f5 40. gxf5
Bxf5 41. Ng3 Bd7 42. Ne2 Rf7 43. Rxf7+ Kxf7 44. g4 Kf6 45. Bb1 h5 46. gxh5 gxh5
47. Nf4 Kg5 48. Nd3 Bxh3 49. Ne5 Bg2 50. Ke2 Kf4 51. Ng6+ Kg3 52. Bf5 h4 53.
Nxh4 Kxh4 54. Bd7 d4 55. Kd3 dxc3 56. Kxc3 Kg5 57. b4 Kf6 58. Be8 Ke5 59. Bh5
Bd5 60. Kb2 Kd4 61. Ka3 Bd8 62. Be2 Bg5 63. Kb2 Bd2 64. Ka3 Bc1# 0-1

[Event "24. Acropolis 2009"]
[Site "Chalkida GRE"]
[Date "2009.08.14"]
[Round "5.43"]
[White "Kourousis, Epaminondas"]
[Black "Grapsa, Georgia"]
[Result "1-0"]
[WhiteElo "2237"]
[BlackElo "2083"]
[PlyCount "65"]
[EventDate "2009.08.10"]
[EventType "swiss"]
[EventRounds "9"]
[EventCountry "GRE"]
[Source "lmi"]
[SourceDate "2009.08.10"]

1. d4 b6 2. e4 Bb7 3. Nc3 e6 4. Nf3 Nf6 5. Bd3 c5 6. d5 a6 7. O-O Qc7 8. Re1 c4
9. Bf1 e5 10. a4 Bb4 11. Bg5 b5 12. axb5 axb5 13. Rxa8 Bxa8 14. Nxb5 Qa5 15.
Nc3 d6 16. Bxc4 Bxc3 17. bxc3 Qc5 18. Bd3 Nbd7 19. Qa1 O-O 20. Be3 Qc8 21. Qa3
Qc7 22. Nd2 Rc8 23. Ra1 Bb7 24. c4 Ra8 25. Qb2 Rxa1+ 26. Qxa1 Ng4 27. Ba7 Nc5
28. h3 Nf6 29. Qa3 Nfd7 30. Nb3 Na6 31. Qa5 Qxa5 32. Nxa5 Kf8 33. Nxb7 1-0

[Event "24. Acropolis 2009"]
[Site "Chalkida GRE"]
[Date "2009.08.14"]
[Round "5.44"]
[White "Sanchez Castillo, Sarai"]
[Black "Skaperdas, Kostantinos"]
[Result "1/2-1/2"]
[WhiteElo "2202"]
[BlackElo "2222"]
[PlyCount "126"]
[EventDate "2009.08.10"]
[EventType "swiss"]
[EventRounds "9"]
[EventCountry "GRE"]
[Source "lmi"]
[SourceDate "2009.08.10"]

1. e4 c5 2. Nf3 e6 3. d4 cxd4 4. Nxd4 Nc6 5. Be2 Nf6 6. Nc3 Bb4 7. O-O Bxc3 8.
bxc3 Nxe4 9. Bf3 d5 10. Bxe4 dxe4 11. Ba3 Nxd4 12. cxd4 Qa5 13. Bd6 Qd5 14. Bb4
f6 15. Qg4 Kf7 16. c4 Qf5 17. Qg3 Rd8 18. Rad1 Kg8 19. Qb3 b5 20. c5 a5 21. Bd2
Bb7 22. Be3 Bc6 23. h3 h5 24. Kh2 Kf7 25. Rg1 g5 26. Qb2 Rd5 27. Rd2 Ke7 28.
Rgd1 Qg6 29. a3 f5 30. Re2 Qf6 31. Bc1 Rad8 32. Qc3 Ra8 33. h4 gxh4 34. Bf4 Kf7
35. Be5 Qg5 36. Rg1 Rdd8 37. Qe3 Qg6 38. Qf4 Rg8 39. Qxh4 Rad8 40. Re3 Qg5 41.
Qxg5 Rxg5 42. Rg3 Kg6 43. Bd6 Rd7 44. Rb1 f4 45. Bxf4 Rxg3 46. Kxg3 Rxd4 47.
Bc7 Kf5 48. Bxa5 Rd3+ 49. Kh4 Rxa3 50. Bd2 Be8 51. Be3 Ke5 52. Rc1 Kd5 53. c6
Bxc6 54. Rc5+ Kd6 55. Rxh5 e5 56. Rh8 Ra8 57. Rxa8 Bxa8 58. g4 Ke6 59. Bd2 Bd5
60. Kg5 Bc6 61. Kg6 Be8+ 62. Kg7 Bf7 63. Bc3 Be8 1/2-1/2

[Event "24. Acropolis 2009"]
[Site "Chalkida GRE"]
[Date "2009.08.14"]
[Round "5.45"]
[White "Papadopoulou, Vera"]
[Black "Kordis, Konstantinos"]
[Result "1-0"]
[WhiteElo "2160"]
[BlackElo "2221"]
[PlyCount "61"]
[EventDate "2009.08.10"]
[EventType "swiss"]
[EventRounds "9"]
[EventCountry "GRE"]
[Source "lmi"]
[SourceDate "2009.08.10"]

1. d4 Nc6 2. c4 e5 3. dxe5 Nxe5 4. e3 Nf6 5. Nc3 Bb4 6. Bd2 Qe7 7. Nf3 O-O 8.
Be2 d6 9. O-O Bxc3 10. Bxc3 Ne4 11. Bxe5 dxe5 12. Qd5 Ng5 13. Nxg5 Qxg5 14. f4
Qe7 15. f5 Rd8 16. Qe4 f6 17. Rad1 Rf8 18. Rd2 Rb8 19. Rfd1 b6 20. Qd5+ Kh8 21.
Qd3 Bb7 22. Qd7 Qc5 23. Kf2 Rbe8 24. b4 Qxb4 25. Qxc7 Re7 26. Rd7 Rxd7 27. Rxd7
Bc8 28. Rd8 Bxf5 29. c5 Kg8 30. cxb6 Rxd8 31. Bc4+ 1-0

[Event "24. Acropolis 2009"]
[Site "Chalkida GRE"]
[Date "2009.08.14"]
[Round "5.46"]
[White "Yildiz, Betul Cemre"]
[Black "Manelidou, Maria"]
[Result "1/2-1/2"]
[WhiteElo "2217"]
[BlackElo "2008"]
[PlyCount "103"]
[EventDate "2009.08.10"]
[EventType "swiss"]
[EventRounds "9"]
[EventCountry "GRE"]
[Source "lmi"]
[SourceDate "2009.08.10"]

1. e4 e5 2. Nf3 Nc6 3. d4 exd4 4. Nxd4 Bc5 5. Be3 Qf6 6. c3 Nge7 7. Bc4 Ne5 8.
Be2 Qg6 9. O-O O-O 10. Nd2 d5 11. Bh5 Qf6 12. f4 N5c6 13. e5 Qh4 14. g3 Qh3 15.
N2b3 Bxd4 16. cxd4 g6 17. Bf3 h5 18. Bf2 Bg4 19. Rc1 Kg7 20. Rc3 Bxf3 21. Qxf3
Rh8 22. Re1 Qf5 23. Nc5 b6 24. Nb3 a5 25. Rec1 Qd7 26. Nd2 Rac8 27. a3 Nd8 28.
Nf1 Ne6 29. Qd3 h4 30. Qf3 hxg3 31. Nxg3 Rh6 32. f5 Nxf5 33. Nxf5+ gxf5 34.
Qxf5 Rg6+ 35. Kh1 Qe7 36. Rg1 Rxg1+ 37. Bxg1 Rg8 38. Qf3 Qd7 39. Be3 Kf8 40.
Qf5 Qa4 41. Rc1 Ke8 42. Rf1 Qd7 43. Qh7 Rg6 44. Qh8+ Nf8 45. Bh6 Qe7 46. Rf4 c5
47. h4 cxd4 48. h5 Re6 49. Rg4 Rxe5 50. Bxf8 Re1+ 51. Kh2 Re2+ 52. Kh1 1/2-1/2

[Event "24. Acropolis 2009"]
[Site "Chalkida GRE"]
[Date "2009.08.14"]
[Round "5.47"]
[White "Kouvatsou, Maria"]
[Black "Karlovich, Anastazia"]
[Result "0-1"]
[WhiteElo "2156"]
[BlackElo "2211"]
[PlyCount "76"]
[EventDate "2009.08.10"]
[EventType "swiss"]
[EventRounds "9"]
[EventCountry "GRE"]
[Source "lmi"]
[SourceDate "2009.08.10"]

1. e4 e5 2. Nf3 Nc6 3. Bc4 Bc5 4. c3 Nf6 5. b4 Bb6 6. d3 d6 7. a4 a6 8. Nbd2
O-O 9. O-O Be6 10. Re1 Ng4 11. Re2 Qd7 12. h3 Nf6 13. Bb3 d5 14. Ba3 dxe4 15.
dxe4 Rfd8 16. Qc2 Bxb3 17. Qxb3 Nh5 18. Nc4 Qe6 19. Bc1 Rd3 20. Rb1 Nd4 21.
Nxd4 Bxd4 22. Bd2 Nf4 23. Bxf4 Rxc3 24. Qd1 Qxc4 25. Bh2 Rd8 26. Rd2 Bxf2+ 27.
Kh1 Rcd3 28. Rxd3 Qxd3 29. Qxd3 Rxd3 30. Bxe5 c6 31. b5 axb5 32. axb5 c5 33. b6
f6 34. Bc7 c4 35. Rf1 Be3 36. e5 c3 37. Bd6 c2 38. exf6 gxf6 0-1

[Event "24. Acropolis 2009"]
[Site "Chalkida GRE"]
[Date "2009.08.14"]
[Round "5.48"]
[White "Efthimiadis, Ilias"]
[Black "Pavlidou, Ekaterini"]
[Result "0-1"]
[WhiteElo "1988"]
[BlackElo "2179"]
[PlyCount "58"]
[EventDate "2009.08.10"]
[EventType "swiss"]
[EventRounds "9"]
[EventCountry "GRE"]
[Source "lmi"]
[SourceDate "2009.08.10"]

1. d4 Nf6 2. Nf3 b6 3. c4 e6 4. a3 Bb7 5. Nc3 d5 6. cxd5 exd5 7. g3 Be7 8. Bg2
O-O 9. O-O Nbd7 10. Bf4 Ne4 11. Rc1 c5 12. dxc5 Nxc3 13. Rxc3 bxc5 14. Ne5 Nb6
15. Rd3 f6 16. Nf3 Qc8 17. h4 Ba6 18. Rc3 Qe6 19. Re1 d4 20. Rc1 Nd5 21. Bd2
Rad8 22. Ba5 Rb8 23. b4 Nc3 24. Rxc3 dxc3 25. Ng5 Qd6 26. Bd5+ Kh8 27. bxc5
Qxc5 28. Bb4 c2 29. Qd2 Rxb4 0-1

[Event "24. Acropolis 2009"]
[Site "Chalkida GRE"]
[Date "2009.08.14"]
[Round "5.49"]
[White "Iordanidou, Zoi"]
[Black "Makka, Ioulia"]
[Result "1-0"]
[WhiteElo "2114"]
[BlackElo "2212"]
[PlyCount "109"]
[EventDate "2009.08.10"]
[EventType "swiss"]
[EventRounds "9"]
[EventCountry "GRE"]
[Source "lmi"]
[SourceDate "2009.08.10"]

1. e4 e6 2. d3 d5 3. Nd2 Nf6 4. g3 dxe4 5. dxe4 Bc5 6. Bg2 e5 7. Ngf3 Nc6 8. h3
O-O 9. O-O a5 10. Nh2 b6 11. c3 Ba6 12. Re1 Qe7 13. Qf3 Rfd8 14. Bf1 Bb7 15.
Nb3 Nd7 16. Ng4 a4 17. Nxc5 Nxc5 18. Ne3 Na5 19. Nf5 Qf8 20. Qg4 Kh8 21. Qh4 f6
22. Qg4 Qf7 23. Rb1 Nd3 24. Rd1 Nxc1 25. Rbxc1 Qg6 26. Rxd8+ Rxd8 27. Rd1 Rxd1
28. Qxd1 Qe8 29. Bb5 Bc6 30. Bxc6 Nxc6 31. Qxa4 g6 32. Ne3 Qe6 33. Nd5 Qd6 34.
Qa8+ Kg7 35. Qc8 f5 36. Qxc7+ Qxc7 37. Nxc7 fxe4 38. Ne8+ Kf7 39. Nd6+ Ke7 40.
Nc8+ Ke6 41. Nxb6 Kd6 42. b4 Ne7 43. a4 Kc6 44. a5 Kb5 45. Kf1 Nf5 46. c4+ Ka6
47. Nd7 e3 48. g4 Nd4 49. Nc5+ Ka7 50. b5 Nc2 51. b6+ Ka8 52. a6 Nb4 53. fxe3
h5 54. gxh5 gxh5 55. Kf2 1-0

[Event "24. Acropolis 2009"]
[Site "Chalkida GRE"]
[Date "2009.08.15"]
[Round "6.1"]
[White "Predojevic, Borki"]
[Black "Tukhaev, Adam"]
[Result "1/2-1/2"]
[WhiteElo "2644"]
[BlackElo "2534"]
[PlyCount "23"]
[EventDate "2009.08.10"]
[EventType "swiss"]
[EventRounds "9"]
[EventCountry "GRE"]
[Source "lmi"]
[SourceDate "2009.08.10"]

1. e4 c5 2. Nf3 e6 3. d4 cxd4 4. Nxd4 a6 5. Bd3 Bc5 6. Nb3 Be7 7. O-O d6 8. f4
Nd7 9. Qe2 Qc7 10. Bd2 Ngf6 11. Nc3 b5 12. a4 1/2-1/2

[Event "24. Acropolis 2009"]
[Site "Chalkida GRE"]
[Date "2009.08.15"]
[Round "6.3"]
[White "Reshetnikov, Alexey"]
[Black "Yakovich, Yuri"]
[Result "1/2-1/2"]
[WhiteElo "2408"]
[BlackElo "2576"]
[PlyCount "121"]
[EventDate "2009.08.10"]
[EventType "swiss"]
[EventRounds "9"]
[EventCountry "GRE"]
[Source "lmi"]
[SourceDate "2009.08.10"]

1. e4 c5 2. Nf3 Nc6 3. d4 cxd4 4. Nxd4 Nf6 5. Nc3 d6 6. f3 e5 7. Nb3 Be7 8. Be3
O-O 9. Qd2 a5 10. Bb5 Be6 11. Rd1 Na7 12. Bd3 Nc8 13. O-O Nb6 14. Qf2 Nc4 15.
Bxc4 Bxc4 16. Rfe1 Qc8 17. Na4 Nd7 18. Nb6 Nxb6 19. Bxb6 a4 20. Nc1 f5 21. exf5
Qxf5 22. b3 Be6 23. Nd3 Qh5 24. Qe2 Rf6 25. Bf2 axb3 26. axb3 Raf8 27. c4 Rh6
28. Bg3 Bh4 29. Bxh4 Qxh4 30. g3 Qh5 31. Rf1 Rhf6 32. Ne1 Bd7 33. b4 Qf7 34. c5
dxc5 35. bxc5 Rf5 36. Qe3 Bc6 37. Rf2 h6 38. Rdd2 Qe6 39. Rd1 Bd5 40. Rdd2 Bc6
41. Rd1 Qe7 42. Rdd2 R8f7 43. Rd6 Kh7 44. Rdd2 Qf8 45. Rde2 Bxf3 46. Nxf3 Rxf3
47. Qe4+ Kh8 48. Rxf3 Rxf3 49. Kg2 Rc3 50. Qxb7 Rxc5 51. Qe4 Qd6 52. Ra2 Rc8
53. Re2 Re8 54. h4 Kg8 55. Re1 Qe6 56. Re2 g6 57. Rc2 Qf5 58. Qxf5 gxf5 59. Rf2
Rf8 60. Re2 e4 61. g4 1/2-1/2

[Event "24. Acropolis 2009"]
[Site "Chalkida GRE"]
[Date "2009.08.15"]
[Round "6.4"]
[White "Gupta, Abhijeet"]
[Black "Azarov, Sergei"]
[Result "1/2-1/2"]
[WhiteElo "2565"]
[BlackElo "2630"]
[PlyCount "64"]
[EventDate "2009.08.10"]
[EventType "swiss"]
[EventRounds "9"]
[EventCountry "GRE"]
[Source "lmi"]
[SourceDate "2009.08.10"]

1. d4 Nf6 2. c4 e6 3. Nf3 b6 4. g3 Ba6 5. Qc2 Bb4+ 6. Bd2 Be7 7. e4 d5 8. cxd5
Bxf1 9. Kxf1 exd5 10. e5 Ne4 11. Nc3 Nxc3 12. Bxc3 Qd7 13. h4 Nc6 14. Ng5 Nd8
15. Kg2 Ne6 16. Nxe6 fxe6 17. f4 O-O 18. h5 c5 19. Qd2 Rac8 20. Rac1 Rc6 21.
Rcd1 Rfc8 22. f5 exf5 23. dxc5 Rxc5 24. h6 d4 25. Qxd4 Qc6+ 26. Kg1 Rd8 27.
Qxd8+ Bxd8 28. Rxd8+ Kf7 29. e6+ Qxe6 30. hxg7 Qe3+ 31. Kg2 Qe2+ 32. Kg1 Qe3+
1/2-1/2

[Event "24. Acropolis 2009"]
[Site "Chalkida GRE"]
[Date "2009.08.15"]
[Round "6.5"]
[White "Belov, Vladimir"]
[Black "Muzychuk, Anna"]
[Result "1-0"]
[WhiteElo "2627"]
[BlackElo "2542"]
[PlyCount "91"]
[EventDate "2009.08.10"]
[EventType "swiss"]
[EventRounds "9"]
[EventCountry "GRE"]
[Source "lmi"]
[SourceDate "2009.08.10"]

1. e4 c5 2. Nf3 e6 3. d4 cxd4 4. Nxd4 a6 5. Bd3 Bc5 6. Nb3 Ba7 7. Qe2 Nc6 8. c4
d6 9. O-O Nge7 10. Be3 e5 11. Bxa7 Rxa7 12. Nc3 Be6 13. Rfd1 O-O 14. Qe3 Qb8
15. Be2 Rd8 16. a4 b6 17. Nd5 Rb7 18. h3 a5 19. Rac1 Ng6 20. g3 Nf8 21. f4 Nd7
22. f5 Bxd5 23. cxd5 Nb4 24. Bb5 f6 25. g4 Rc8 26. Rc3 Nc5 27. Nd2 Rf8 28. Nf3
Qd8 29. Rd2 g5 30. h4 h6 31. Rh2 Rff7 32. Nd2 Rh7 33. Qe2 Rbg7 34. Kf1 Rc7 35.
Nc4 Rcg7 36. Rch3 Kh8 37. Rh1 Qc7 38. b3 Qd8 39. hxg5 hxg5 40. Qh2 Qc7 41. Nxd6
Nxb3 42. Rxh7+ Rxh7 43. Qxh7+ Qxh7 44. Nf7+ Kg7 45. Rxh7+ Kxh7 46. d6 1-0

[Event "24. Acropolis 2009"]
[Site "Chalkida GRE"]
[Date "2009.08.15"]
[Round "6.7"]
[White "Dzagnidze, Nana"]
[Black "Gurevich, Mikhail"]
[Result "1/2-1/2"]
[WhiteElo "2536"]
[BlackElo "2618"]
[PlyCount "61"]
[EventDate "2009.08.10"]
[EventType "swiss"]
[EventRounds "9"]
[EventCountry "GRE"]
[Source "lmi"]
[SourceDate "2009.08.10"]

1. d4 d5 2. c4 c6 3. Nf3 Nf6 4. Nc3 e6 5. Bg5 Be7 6. e3 Nbd7 7. Bd3 dxc4 8.
Bxc4 Nd5 9. Bxe7 Qxe7 10. O-O O-O 11. e4 Nxc3 12. bxc3 b6 13. a4 Bb7 14. a5 c5
15. Qe2 Nf6 16. Bd3 Rfc8 17. Rfe1 cxd4 18. cxd4 Rab8 19. axb6 axb6 20. Rab1 Ba8
21. Rb3 b5 22. Qb2 b4 23. h3 Bc6 24. Rc1 Bxe4 25. Rxc8+ Rxc8 26. Bxe4 Nxe4 27.
Rxb4 Qc7 28. Ne5 Nd6 29. Rb6 Nc4 30. Nxc4 Qxc4 31. Rb8 1/2-1/2